000
00219nam a2200097Ia 4500
008
190216s9999||||xx |||||||||||||| ||und||
100
_a
Null
245
0
_a
Hindi-Hindi Mem Sampoorna Kaviyam
260
_b
Null
942
_c
BK
999
_c
17529
_d
17529